| 000 | 00368nam a2200145Ia 4500 | ||
|---|---|---|---|
| 008 | 150201s2002 xx 000 0 und d | ||
| 082 |
_a617.6342 _bP2002C |
||
| 100 | _aCOHEN STEPHEN | ||
| 245 | _aPATHWAYS OF THE PULP | ||
| 250 | _a8TH | ||
| 260 |
_bMOSBY _aNEW DELHI _c2002 |
||
| 300 | _a1-1030 | ||
| 650 | _aCONSERVATIVE DENTISTRY & ENDODONTICS | ||
| 942 |
_2ddc _cBK _02 |
||
| 999 |
_c3178 _d3178 |
||